[Event "St Petersburg Blitz 2023"]
[Site "St Petersburg"]
[Date "2023.08.25"]
[Round "10"]
[White "Litvinov, Maxim"]
[Black "Iljiushenok, Ilia"]
[Result "0-1"]
[WhiteElo "2309"]
[BlackElo "2547"]
[PlyCount "164"]
[EventDate "2023.08.25"]
[EventType "game (blitz)"]
[EventRounds "11"]
[EventCountry "RUS"]
[SourceTitle "EXT 2024"]
[Source "ChessBase"]
[SourceDate "2023.10.10"]
[SourceVersion "1"]
[SourceVersionDate "2023.10.10"]
[SourceQuality "1"]

1. e4 c6 2. Nc3 d5 3. Nf3 dxe4 4. Nxe4 Nf6 5. Nxf6+ exf6 6. Bc4 Bd6 7. Qe2+ Kf8 8. h3 g6 9. d4 Kg7 10. 0-0 h5 11. a4 Bf5 12. Rd1 Nd7 13. Nh4 Be6 14. Bxe6 Re8 15. Qf3 Rxe6 16. Be3 Nb6 17. a5 Nc4 18. Bc1 Qe7 19. Rf1 Bc7 20. a6 b5 21. b3 Nb6 22. Bb2 Rd8 23. Rad1 Qd6 24. g3 Qd5 25. Qxd5 cxd5 26. Ng2 Nd7 27. Ne3 Nb8 28. Ra1 Nxa6 29. c4 bxc4 30. bxc4 dxc4 31. d5 Red6 32. Nxc4 Nc5 33. Nxd6 Bxd6 34. Rxa7 Nd3 35. Bd4 Bb4 36. Ra6 Be7 37. Rd1 Nb4 38. Ra5 Nxd5 39. Ba1 Nb4 40. Rxd8 Bxd8 41. Rb5 Nc6 42. Bc3 Be7 43. Rb7 Bf8 44. Kg2 Ne7 45. Rd7 Nf5 46. h4 Bc5 47. Rc7 Bd6 48. Rc6 Be5 49. Bxe5 fxe5 50. Ra6 Nd4 51. f3 Ne6 52. Kf2 Nc5 53. Rc6 Ne6 54. Ke3 Nd4 55. Ra6 Nf5+ 56. Kf2 Nd4 57. Ra7 Kf6 58. g4 Ne6 59. g5+ Kg7 60. Ke3 Nf4 61. Ra4 Nd5+ 62. Kd2 Ne7 63. Re4 Nf5 64. Ke2 Ng3+ 65. Ke3 Nxe4 66. Kxe4 f6 67. f4 exf4 68. Kxf4 f5 69. Ke5 Kf7 70. Kd5 Ke8 71. Ke5 Ke7 72. Kd5 Kd7 73. Ke5 Kc6 74. Kf6 f4 75. Kxg6 f3 76. Kxh5 f2 77. Kh6 f1Q 78. h5 Kd7 79. g6 Ke7 80. Kh7 Qf5 81. h6 Kf6 82. Kh8 Qxg6 0-1

[Event "Sochi ChessAmateur op10"]
[Site "Sochi"]
[Date "2018.10.15"]
[Round "5"]
[White "Litvinov, Maxim"]
[Black "Vashchilov, Sergey"]
[Result "1-0"]
[WhiteElo "2305"]
[BlackElo "2129"]
[PlyCount "135"]
[EventDate "2018.10.12"]
[EventType "swiss"]
[EventRounds "9"]
[EventCountry "RUS"]
[SourceTitle "CBM 187 Extra"]
[Source "ChessBase"]
[SourceDate "2018.11.04"]
[SourceVersion "1"]
[SourceVersionDate "2018.11.04"]
[SourceQuality "1"]

1. d4 e6 2. c4 d5 3. Nf3 Nf6 4. cxd5 exd5 5. Bg5 c6 6. e3 Be7 7. Qc2 Nh5 8. Bxe7 Qxe7 9. Nc3 Nd7 10. 0-0-0 Nb6 11. Bd3 Be6 12. Kb1 g6 13. h3 Ng7 14. g4 0-0-0 15. Rc1 Kb8 16. Na4 Nxa4 17. Qxa4 f6 18. Rc3 Rc8 19. Rhc1 Rc7 20. Ra3 b5 21. Qa5 h5 22. Rac3 hxg4 23. hxg4 Bxg4 24. Nd2 Rhc8 25. Nb3 Ne6 26. Qa6 Qd7 27. Bxg6 f5 28. f3 Bxf3 29. Bxf5 Be4+ 30. Bxe4 dxe4 31. a3 Ka8 32. Rh1 Rb7 33. Rh6 Rb6 34. Rh7 Rxa6 35. Rxd7 Rb6 36. Re7 b4 37. axb4 Nc7 38. Rxe4 Rxb4 39. Nc5 Rcb8 40. Rc2 Nb5 41. Kc1 Nd6 42. Re6 Nc4 43. b3 Na5 44. Rc3 Nxb3+ 45. Nxb3 Rxb3 46. Rexc6 Rb1+ 47. Kd2 R8b5 48. R6c5 Rb6 49. Ra3 Kb7 50. Kd3 Rh1 51. Rac3 Rh7 52. d5 Rb1 53. Rc1 Rb4 54. R5c4 Rb6 55. e4 a5 56. Kd4 Rh4 57. Rc7+ Kb8 58. Rc8+ Kb7 59. R1c7+ Ka6 60. Ra8+ Kb5 61. Rc5+ Kb4 62. Rcxa5 Rg6 63. Ra1 Kb3 64. Rb8+ Kc2 65. Ra2+ Kc1 66. Rf2 Rgg4 67. Re8 Rg6 68. Re6 1-0

[Event "St Petersburg Korchnoi Memorial op"]
[Site "St Petersburg"]
[Date "2018.08.20"]
[Round "6"]
[White "Litvinov, Maxim"]
[Black "Vunder, Andrei"]
[Result "0-1"]
[WhiteElo "2322"]
[BlackElo "2101"]
[PlyCount "66"]
[EventDate "2018.08.15"]
[EventType "swiss"]
[EventRounds "9"]
[EventCountry "RUS"]
[SourceTitle "CBM 186 Extra"]
[Source "ChessBase"]
[SourceDate "2018.08.24"]
[SourceVersion "1"]
[SourceVersionDate "2018.08.24"]
[SourceQuality "1"]

1. e4 c6 2. Nf3 d5 3. Nc3 Bg4 4. h3 Bh5 5. exd5 cxd5 6. Bb5+ Nc6 7. g4 Bg6 8. Ne5 Rc8 9. d4 e6 10. Qe2 Bb4 11. h4 Nge7 12. h5 Be4 13. f3 0-0 14. Bxc6 Nxc6 15. Nxc6 Rxc6 16. Kf2 f5 17. fxe4 fxe4+ 18. Kg2 Bxc3 19. bxc3 Rxc3 20. Bd2 Rcf3 21. Raf1 e5 22. Qe1 Qc8 23. Rxf3 exf3+ 24. Kf2 Qxg4 25. Rh2 Qxd4+ 26. Qe3 Qxe3+ 27. Bxe3 d4 28. Bg5 e4 29. Rh4 e3+ 30. Kf1 Re8 31. Rf4 f2 32. Ke2 Rc8 33. Kd1 Rxc2 0-1

[Event "St Petersburg Korchnoi Memorial op"]
[Site "St Petersburg"]
[Date "2018.08.17"]
[Round "3"]
[White "Afanasiev, Nikita"]
[Black "Litvinov, Maxim"]
[Result "1-0"]
[WhiteElo "2473"]
[BlackElo "2322"]
[PlyCount "93"]
[EventDate "2018.08.15"]
[EventType "swiss"]
[EventRounds "9"]
[EventCountry "RUS"]
[SourceTitle "CBM 186 Extra"]
[Source "ChessBase"]
[SourceDate "2018.08.24"]
[SourceVersion "1"]
[SourceVersionDate "2018.08.24"]
[SourceQuality "1"]

1. c4 Nf6 2. Nc3 e6 3. d4 d5 4. cxd5 exd5 5. Bg5 c6 6. Qc2 Be7 7. e3 Nbd7 8. Bd3 Nh5 9. Bxe7 Qxe7 10. 0-0-0 Nb6 11. Nf3 Be6 12. Kb1 0-0-0 13. Rc1 Kb8 14. Na4 Nf6 15. Nc5 Bc8 16. Nd2 Nbd7 17. Nf3 g6 18. Ka1 Ne8 19. Qa4 Nxc5 20. dxc5 Ng7 21. Rc3 Ne6 22. Rhc1 Rhe8 23. Ra3 a6 24. Nd4 Nxd4 25. Qxd4 Ka8 26. g3 Qe5 27. Qb4 Rd7 28. Ra4 Qh5 29. h4 Qf3 30. Qd2 Qf6 31. Rf4 Qe5 32. Qb4 Red8 33. Rd4 Qf6 34. Qd2 Re7 35. a3 Re5 36. Rf4 Qe7 37. Qa5 f6 38. Rd4 Re8 39. Rc3 Qd8 40. Qa4 Ka7 41. Rb3 R8e7 42. Rb6 Rd7 43. Qa5 Ka8 44. Rdb4 Re8 45. Bxa6 bxa6 46. Rxa6+ Bxa6 47. Qxa6+ 1-0

[Event "Chigorin Memorial 25th"]
[Site "St Petersburg"]
[Date "2017.10.28"]
[Round "8"]
[White "Litvinov, Maxim"]
[Black "Stukan, Martin"]
[Result "1-0"]
[WhiteElo "2373"]
[BlackElo "2215"]
[PlyCount "55"]
[EventDate "2017.10.21"]
[EventType "swiss"]
[EventRounds "9"]
[EventCountry "RUS"]
[SourceTitle "CBM 181 Extra"]
[Source "ChessBase"]
[SourceDate "2017.12.12"]
[SourceVersion "1"]
[SourceVersionDate "2017.12.12"]
[SourceQuality "1"]

1. Nf3 Nf6 2. g3 c5 3. Bg2 Nc6 4. c4 d5 5. cxd5 Nxd5 6. 0-0 e5 7. Nc3 Be6 8. Ng5 Qxg5 9. Bxd5 Bxd5 10. Nxd5 0-0-0 11. e4 f5 12. d3 Qg6 13. Qa4 f4 14. Kh1 Qh5 15. Qd1 f3 16. Be3 Bd6 17. Rc1 Rhf8 18. b4 Bc7 19. b5 Rd6 20. g4 Qh3 21. Rg1 Nd4 22. Rg3 Qh4 23. Rxc5 Rxd5 24. exd5 Ne2 25. d6 Nxg3+ 26. fxg3 Qh3 27. Rxc7+ Kb8 28. Rc2 1-0

[Event "Chigorin Memorial 25th"]
[Site "St Petersburg"]
[Date "2017.10.27"]
[Round "7"]
[White "Oglaza, Oskar"]
[Black "Litvinov, Maxim"]
[Result "1-0"]
[WhiteElo "2182"]
[BlackElo "2373"]
[PlyCount "63"]
[EventDate "2017.10.21"]
[EventType "swiss"]
[EventRounds "9"]
[EventCountry "RUS"]
[SourceTitle "CBM 181 Extra"]
[Source "ChessBase"]
[SourceDate "2017.12.12"]
[SourceVersion "1"]
[SourceVersionDate "2017.12.12"]
[SourceQuality "1"]

1. e4 d6 2. d4 Nf6 3. Nc3 e5 4. Nf3 Nbd7 5. Bc4 Be7 6. 0-0 0-0 7. a4 c6 8. Re1 exd4 9. Nxd4 Ne5 10. Bb3 Re8 11. h3 Bd7 12. f4 Ng6 13. Be3 Qa5 14. f5 Ne5 15. Nf3 Rad8 16. Nxe5 dxe5 17. Qf3 Bc5 18. g4 h6 19. h4 Bxe3+ 20. Rxe3 Qc5 21. Rae1 Nh7 22. g5 Kh8 23. Bxf7 Rf8 24. Qh5 Be8 25. Bxe8 Rdxe8 26. Kh1 Rg8 27. f6 Re6 28. Qf7 Rd6 29. b4 Qd4 30. Rd3 Qf2 31. fxg7+ Rxg7 32. Qxf2 1-0

[Event "Ufa Gumerov Memorial 5th"]
[Site "Ufa"]
[Date "2016.08.09"]
[Round "7"]
[White "Litvinov, Maxim"]
[Black "Darmin, Dmitry"]
[Result "0-1"]
[WhiteElo "2377"]
[BlackElo "2403"]
[PlyCount "82"]
[EventDate "2016.08.05"]
[EventType "tourn"]
[EventRounds "9"]
[EventCountry "RUS"]
[EventCategory "3"]
[SourceTitle "CBM 173 Extra"]
[Source "ChessBase"]
[SourceDate "2016.08.29"]
[SourceVersion "1"]
[SourceVersionDate "2016.08.29"]
[SourceQuality "1"]

1. e4 c6 2. Nc3 d5 3. Nf3 dxe4 4. Nxe4 Nf6 5. Nxf6+ exf6 6. Bc4 Be7 7. d4 0-0 8. 0-0 Bg4 9. c3 Bd6 10. Qd3 Nd7 11. h3 Bh5 12. Nh4 b5 13. Bb3 Nc5 14. Qc2 Nxb3 15. axb3 Re8 16. Bd2 c5 17. Rfe1 Rxe1+ 18. Rxe1 cxd4 19. cxd4 Bf8 20. Be3 Qd5 21. Rc1 g5 22. Nf5 Bg6 23. g4 Rd8 24. Qc6 Bxf5 25. Qxd5 Rxd5 26. gxf5 Rxf5 27. Kf1 Rd5 28. Rc7 a6 29. Ke2 h6 30. f4 gxf4 31. Bf2 f5 32. h4 Bg7 33. Kd3 f3 34. Rc6 a5 35. Ra6 Bxd4 36. Bxd4 Rxd4+ 37. Ke3 Rxh4 38. Rxa5 Rb4 39. Kxf3 Rxb3+ 40. Kf4 Rxb2 41. Ke5 Kg7 0-1

[Event "Samara Polugaevsky Memorial 6th"]
[Site "Samara"]
[Date "2016.07.05"]
[Round "3"]
[White "Litvinov, Maxim"]
[Black "Kozionov, Kirill"]
[Result "1/2-1/2"]
[WhiteElo "2373"]
[BlackElo "2440"]
[PlyCount "110"]
[EventDate "2016.07.03"]
[EventType "swiss"]
[EventRounds "9"]
[EventCountry "RUS"]
[SourceTitle "CBM 173 Extra"]
[Source "ChessBase"]
[SourceDate "2016.08.29"]
[SourceVersion "1"]
[SourceVersionDate "2016.08.29"]
[SourceQuality "1"]

1. e4 e5 2. Nf3 Nc6 3. Bb5 Nf6 4. d3 Bc5 5. 0-0 d6 6. c3 0-0 7. Nbd2 a6 8. Ba4 Ba7 9. h3 Ne7 10. Re1 Ng6 11. Nf1 c6 12. Ng3 d5 13. Be3 Bxe3 14. Rxe3 dxe4 15. dxe4 Be6 16. Bb3 Qxd1+ 17. Rxd1 Bxb3 18. axb3 Rfd8 19. Red3 Rxd3 20. Rxd3 Re8 21. b4 Re7 22. Nf5 Re8 23. Nd6 Re7 24. g3 Kf8 25. Kf1 Rd7 26. Ke2 Ke7 27. Nf5+ Kf8 28. Nd2 Ne7 29. Nd6 Ne8 30. N6c4 Rxd3 31. Kxd3 f6 32. Nb3 b5 33. Ne3 Nc8 34. Nc5 Nc7 35. f4 exf4 36. gxf4 Kf7 37. e5 fxe5 38. fxe5 Ne6 39. Ng2 Nb6 40. Nxe6 Kxe6 41. Ke4 Nc4 42. Nf4+ Ke7 43. Nd3 Nd2+ 44. Ke3 Nb3 45. Ke4 Nd2+ 46. Kf4 Nc4 47. b3 Nb6 48. Ke4 Nd7 49. c4 Nf8 50. h4 Ne6 51. Nf2 Kf7 52. Ng4 Kg6 53. Ne3 Kh5 54. Kf5 Nd4+ 55. Ke4 Ne6 1/2-1/2

[Event "Samara Polugaevsky Memorial 6th"]
[Site "Samara"]
[Date "2016.07.04"]
[Round "2"]
[White "Eryshkanova, Anastasiya"]
[Black "Litvinov, Maxim"]
[Result "0-1"]
[WhiteElo "2140"]
[BlackElo "2373"]
[PlyCount "84"]
[EventDate "2016.07.03"]
[EventType "swiss"]
[EventRounds "9"]
[EventCountry "RUS"]
[SourceTitle "EXT 2019"]
[Source "ChessBase"]
[SourceDate "2018.10.10"]
[SourceVersion "1"]
[SourceVersionDate "2018.10.10"]
[SourceQuality "1"]

1. Nf3 d5 2. g3 c6 3. Bg2 Bg4 4. c4 e6 5. Qb3 Qb6 6. Qc2 Nf6 7. 0-0 Nbd7 8. d3 Bd6 9. Nc3 0-0 10. e4 dxe4 11. dxe4 e5 12. Be3 Qa6 13. b3 Bxf3 14. Bxf3 Bc5 15. Bxc5 Nxc5 16. Ne2 Rad8 17. Rfd1 Qb6 18. Bg2 a5 19. Nc3 Ne6 20. Na4 Nd4 21. Qb2 Qc7 22. c5 Qd7 23. h3 h5 24. Kh2 h4 25. Qc3 hxg3+ 26. fxg3 Qc7 27. Rf1 Ne6 28. Rf5 Rd4 29. Re1 Rfd8 30. Nb6 Rd2 31. Nc4 Rxa2 32. Rxe5 Qd7 33. Rf5 Qd3 34. Qxd3 Rxd3 35. e5 Nd5 36. Kh1 Rxg3 37. Bxd5 Rxh3+ 38. Kg1 cxd5 39. Nd6 Nd4 40. Rxf7 Ne2+ 41. Rxe2 Rxe2 42. e6 Rxb3 0-1

[Event "Samara Polugaevsky Memorial 6th"]
[Site "Samara"]
[Date "2016.07.03"]
[Round "1"]
[White "Litvinov, Maxim"]
[Black "Makhno, Maria"]
[Result "1-0"]
[WhiteElo "2373"]
[BlackElo "1971"]
[PlyCount "47"]
[EventDate "2016.07.03"]
[EventType "swiss"]
[EventRounds "9"]
[EventCountry "RUS"]
[SourceTitle "EXT 2019"]
[Source "ChessBase"]
[SourceDate "2018.10.10"]
[SourceVersion "1"]
[SourceVersionDate "2018.10.10"]
[SourceQuality "1"]

1. e4 c5 2. Nf3 g6 3. d4 Bg7 4. c4 Qa5+ 5. Nc3 Nf6 6. Bd3 d6 7. 0-0 0-0 8. dxc5 dxc5 9. e5 Ng4 10. Re1 Nc6 11. Bf4 f6 12. exf6 Bxf6 13. Nd5 Bxb2 14. Rb1 Bg7 15. h3 e5 16. Bd2 Qd8 17. hxg4 Bxg4 18. Be4 Nd4 19. Rb2 Bxf3 20. Bxf3 Qh4 21. Re4 Nxf3+ 22. Qxf3 Qd8 23. Qh3 Kh8 24. Bh6 1-0

[Event "Pavlodar op"]
[Site "Pavlodar"]
[Date "2015.12.15"]
[Round "9"]
[White "Baimurzin, Aitkazy"]
[Black "Litvinov, Maxim"]
[Result "1-0"]
[WhiteElo "2140"]
[BlackElo "2391"]
[PlyCount "51"]
[EventDate "2015.12.07"]
[EventType "swiss"]
[EventRounds "10"]
[EventCountry "KAZ"]
[SourceTitle "EXT 2017"]
[Source "ChessBase"]
[SourceDate "2016.10.25"]
[SourceVersion "1"]
[SourceVersionDate "2016.10.25"]
[SourceQuality "1"]

1. c4 e5 2. g3 Nf6 3. Bg2 c6 4. d3 d5 5. Nd2 Bc5 6. e3 Bf5 7. e4 dxe4 8. dxe4 Bg6 9. Qe2 Na6 10. a3 Nc7 11. Ngf3 Bh5 12. h3 Ne6 13. Nb3 Bd6 14. 0-0 0-0 15. Rd1 Qc7 16. Qc2 a5 17. c5 Be7 18. a4 Rfd8 19. Be3 Nd7 20. Rd3 Bxf3 21. Bxf3 Bg5 22. Bxg5 Nxg5 23. Bg2 Nf8 24. Rad1 Rxd3 25. Qxd3 Nfe6 26. Qc3 1-0

[Event "Pavlodar op"]
[Site "Pavlodar"]
[Date "2015.12.11"]
[Round "6"]
[White "Litvinov, Maxim"]
[Black "Ovetchkin, Roman"]
[Result "0-1"]
[WhiteElo "2391"]
[BlackElo "2511"]
[PlyCount "51"]
[EventDate "2015.12.07"]
[EventType "swiss"]
[EventRounds "10"]
[EventCountry "KAZ"]
[SourceTitle "EXT 2017"]
[Source "ChessBase"]
[SourceDate "2016.10.25"]
[SourceVersion "1"]
[SourceVersionDate "2016.10.25"]
[SourceQuality "1"]

1. e4 c6 2. Nc3 d5 3. Nf3 Nf6 4. e5 Ne4 5. Ne2 Qb6 6. d4 e6 7. Nfg1 f6 8. f3 Ng5 9. exf6 gxf6 10. f4 Nf7 11. Nf3 c5 12. Be3 Nc6 13. dxc5 Bxc5 14. Bxc5 Qxc5 15. Qd2 e5 16. fxe5 fxe5 17. 0-0-0 Be6 18. Ng5 Nxg5 19. Qxg5 Qe7 20. Qh5+ Bf7 21. Qh3 Be6 22. Qh5+ Bf7 23. Qh3 0-0 24. Nc3 Rad8 25. Bb5 Qg5+ 26. Kb1 0-1

[Event "Khanty-Mansiysk Governor Cup 11th"]
[Site "Khanty-Mansiysk"]
[Date "2015.11.29"]
[Round "7"]
[White "Litvinov, Maxim"]
[Black "Timofeev, Artyom"]
[Result "0-1"]
[WhiteElo "2391"]
[BlackElo "2555"]
[PlyCount "116"]
[EventDate "2015.11.23"]
[EventType "swiss"]
[EventRounds "9"]
[EventCountry "RUS"]
[SourceTitle "CBM 169 Extra"]
[Source "ChessBase"]
[SourceDate "2015.12.18"]
[SourceVersion "1"]
[SourceVersionDate "2015.12.18"]
[SourceQuality "1"]

1. e4 c5 2. Nf3 Nc6 3. d4 cxd4 4. Nxd4 Nf6 5. Nc3 d6 6. Bg5 e6 7. Qd2 a6 8. 0-0-0 Bd7 9. f3 Be7 10. h4 Ne5 11. f4 Neg4 12. g3 b5 13. Bxf6 Bxf6 14. Bh3 h5 15. Bxg4 hxg4 16. e5 dxe5 17. fxe5 Bxe5 18. Qe3 Qc7 19. Rhe1 f6 20. Qe4 0-0 21. Qxg4 Rae8 22. Kb1 Bc8 23. h5 Rd8 24. Nce2 f5 25. Qg6 Bf6 26. h6 Qf7 27. h7+ Kh8 28. Nf4 e5 29. Qxf7 Rxf7 30. Ng6+ Kxh7 31. Nxe5 Rc7 32. c3 Bb7 33. g4 Be4+ 34. Rxe4 fxe4 35. Rh1+ Kg8 36. Ne6 Rd2 37. Nxc7 Bxe5 38. Ne6 e3 39. Kc1 Rd6 40. Nd4 Bxd4 41. cxd4 Rxd4 42. Re1 Re4 43. Kc2 Kf7 44. Kd3 Rxg4 45. Rxe3 Rg2 46. Kc3 g5 47. Re4 Rf2 48. Re5 Kf6 49. Re8 Kf7 50. Re5 Kg6 51. Re8 g4 52. Rg8+ Kh5 53. a3 a5 54. Rh8+ Kg5 55. Rg8+ Kf4 56. Rf8+ Kg3 57. Rg8 Rf3+ 58. Kc2 a4 0-1

[Event "Khanty-Mansiysk Governor Cup 11th"]
[Site "Khanty-Mansiysk"]
[Date "2015.11.26"]
[Round "4"]
[White "Antipov, Mikhail Al"]
[Black "Litvinov, Maxim"]
[Result "0-1"]
[WhiteElo "2569"]
[BlackElo "2391"]
[PlyCount "88"]
[EventDate "2015.11.23"]
[EventType "swiss"]
[EventRounds "9"]
[EventCountry "RUS"]
[SourceTitle "CBM 169 Extra"]
[Source "ChessBase"]
[SourceDate "2015.12.18"]
[SourceVersion "1"]
[SourceVersionDate "2015.12.18"]
[SourceQuality "1"]

1. e4 e5 2. Nf3 Nc6 3. Bb5 a6 4. Ba4 Nf6 5. d3 d6 6. c3 Be7 7. Nbd2 0-0 8. Nf1 Re8 9. h3 b5 10. Bc2 d5 11. Qe2 dxe4 12. dxe4 Be6 13. Ne3 Nh5 14. g3 Bc5 15. h4 Nf6 16. Ng5 Bd7 17. b4 Ba7 18. a4 h6 19. Bb3 Rf8 20. a5 Ne7 21. f3 Nh5 22. Nf1 c5 23. bxc5 Bxc5 24. f4 Nf6 25. Nh2 Qc7 26. Nhf3 Ng4 27. Nh3 b4 28. fxe5 bxc3 29. Bf4 Qb7 30. Rb1 Be6 31. Bc2 Qc7 32. Kf1 Ng6 33. Kg2 Rfd8 34. Bb3 Rab8 35. Bxe6 fxe6 36. Qxa6 Qd7 37. h5 Ra8 38. Qe2 Nxf4+ 39. Nxf4 Rxa5 40. Rhd1 Qxd1 41. Rxd1 Rxd1 42. Kh3 Nf2+ 43. Kg2 Ng4 44. Kh3 Ne3 0-1

[Event "Khanty-Mansiysk Governor Cup 11th"]
[Site "Khanty-Mansiysk"]
[Date "2015.11.25"]
[Round "3"]
[White "Litvinov, Maxim"]
[Black "Rozum, Ivan"]
[Result "1/2-1/2"]
[WhiteElo "2391"]
[BlackElo "2559"]
[PlyCount "130"]
[EventDate "2015.11.23"]
[EventType "swiss"]
[EventRounds "9"]
[EventCountry "RUS"]
[SourceTitle "CBM 169 Extra"]
[Source "ChessBase"]
[SourceDate "2015.12.18"]
[SourceVersion "1"]
[SourceVersionDate "2015.12.18"]
[SourceQuality "1"]

1. e4 c5 2. Nf3 e6 3. g3 Nc6 4. Bg2 Nf6 5. Qe2 e5 6. 0-0 Be7 7. c3 0-0 8. Rd1 d5 9. d4 dxe4 10. Nxe5 cxd4 11. Nxc6 bxc6 12. Rxd4 Qb6 13. Be3 Bg4 14. Qc2 c5 15. Rd2 Qe6 16. c4 Bf3 17. Nc3 Rad8 18. b3 Ng4 19. Nd5 Ne5 20. Bf4 Bxg2 21. Kxg2 Nf3 22. Nxe7+ Qxe7 23. Rd5 Nd4 24. Qd2 Qb7 25. Be3 Rxd5 26. cxd5 Rd8 27. b4 Nf5 28. bxc5 Rxd5 29. Qe1 Qc6 30. Rc1 h5 31. Kg1 Rd3 32. Qe2 g6 33. Qe1 Ne7 34. Rb1 Qd5 35. Rb8+ Kh7 36. Kg2 Nc6 37. Re8 h4 38. g4 Ne5 39. Qa1 Qd7 40. Rh8+ Kxh8 41. Qxe5+ Kg8 42. Qxe4 Rd5 43. Kh3 g5 44. Kg2 Qc6 45. Qf3 Qe6 46. h3 f6 47. a3 a6 48. Kg1 Kg7 49. Kg2 Kg6 50. Kh2 Rd3 51. a4 Ra3 52. Qd1 Qe5+ 53. Kg2 Qe4+ 54. Kh2 Rxa4 55. Qd8 Qe5+ 56. Kg2 Qe6 57. Kh2 Ra2 58. c6 Ra4 59. Qd3+ Kg7 60. Qd7+ Qf7 61. Bc5 Rc4 62. Qd6 Re4 63. c7 Re8 64. Bd4 Rc8 65. Bxf6+ Qxf6 1/2-1/2

[Event "Samara Polugaevsky Memorial 5th"]
[Site "Samara"]
[Date "2015.07.06"]
[Round "4"]
[White "Litvinov, Maxim"]
[Black "Liberman, Evgeny"]
[Result "1-0"]
[WhiteElo "2392"]
[BlackElo "2136"]
[PlyCount "115"]
[EventDate "2015.07.03"]
[EventType "swiss"]
[EventRounds "9"]
[EventCountry "RUS"]
[SourceTitle "EXT 2017"]
[Source "ChessBase"]
[SourceDate "2016.10.25"]
[SourceVersion "1"]
[SourceVersionDate "2016.10.25"]
[SourceQuality "1"]

1. e4 d6 2. d4 g6 3. Nc3 Bg7 4. Be3 a6 5. Qd2 b5 6. a4 b4 7. Nce2 a5 8. Ng3 Bb7 9. Bc4 d5 10. exd5 Bxd5 11. Bxd5 Qxd5 12. Nf3 Nd7 13. 0-0 Ngf6 14. Bh6 0-0 15. Bxg7 Kxg7 16. Qe2 e6 17. c4 bxc3 18. bxc3 c5 19. Rfd1 cxd4 20. Nxd4 Qc5 21. Rab1 Qxc3 22. Ne4 Qc7 23. Ng5 Qe5 24. Ngxe6+ fxe6 25. Qxe5 Nxe5 26. Nxe6+ Kf7 27. Nxf8 Kxf8 28. f4 Ned7 29. Rb5 Ke7 30. h3 Ra6 31. g4 Nb6 32. Re5+ Kf7 33. Rd6 Nfd7 34. Ree6 Ra7 35. Rxb6 Nxb6 36. Rxb6 Rc7 37. Kg2 Rc4 38. Rb7+ Kg8 39. Kg3 Rxa4 40. Ra7 Kh8 41. g5 Kg8 42. h4 Kh8 43. Kf3 Kg8 44. Kg4 Kh8 45. h5 Kg8 46. h6 Ra1 47. Ra8+ Kf7 48. Rh8 Rg1+ 49. Kf3 Rf1+ 50. Kg3 Rg1+ 51. Kf2 Rh1 52. Rxh7+ Ke6 53. Kg2 Rh4 54. Kg3 Rh1 55. Ra7 Ra1 56. Ra6+ Kf5 57. Rf6+ Ke4 58. Re6+ 1-0

[Event "Moscow Aeroflot op-B 14th"]
[Site "Moscow"]
[Date "2015.04.02"]
[Round "7"]
[White "Litvinov, Maxim"]
[Black "Salman, Pavel"]
[Result "1-0"]
[WhiteElo "2389"]
[BlackElo "2288"]
[PlyCount "97"]
[EventDate "2015.03.27"]
[EventType "swiss"]
[EventRounds "9"]
[EventCountry "RUS"]
[SourceTitle "CBM 165 Extra"]
[Source "ChessBase"]
[SourceDate "2015.04.21"]
[SourceVersion "1"]
[SourceVersionDate "2015.04.21"]
[SourceQuality "1"]

1. e4 c5 2. Nf3 e6 3. g3 a6 4. Bg2 Nc6 5. 0-0 d6 6. c3 Nf6 7. Re1 Be7 8. d4 0-0 9. h3 b5 10. b3 Bb7 11. Bb2 Qb6 12. d5 Nd8 13. Na3 e5 14. c4 Bc8 15. Nh2 Ne8 16. f4 f6 17. Bf3 Nc7 18. Bg4 Bb7 19. Bd7 Nf7 20. f5 Ng5 21. h4 Rfd8 22. Be6+ Ngxe6 23. fxe6 a5 24. Ng4 Ba6 25. Rb1 a4 26. Ne3 g6 27. Bc1 axb3 28. axb3 Ne8 29. Qg4 Ng7 30. Rf1 Qa5 31. Nac2 Ra7 32. b4 Qb6 33. bxc5 Qxc5 34. Ba3 Qb6 35. Qe2 f5 36. cxb5 Bc8 37. Kh1 Nh5 38. Qf2 f4 39. gxf4 exf4 40. Nf5 Qc7 41. b6 Qc3 42. bxa7 Ba6 43. Nxe7+ Kf8 44. Kh2 Bxf1 45. Rxf1 Kxe7 46. Bb4 Qc4 47. Nd4 Nf6 48. Nc6+ Ke8 49. Qxf4 1-0

[Event "Moscow Aeroflot op-B 14th"]
[Site "Moscow"]
[Date "2015.03.29"]
[Round "3"]
[White "Tomnikova, Lidia"]
[Black "Litvinov, Maxim"]
[Result "1/2-1/2"]
[WhiteElo "2232"]
[BlackElo "2389"]
[PlyCount "83"]
[EventDate "2015.03.27"]
[EventType "swiss"]
[EventRounds "9"]
[EventCountry "RUS"]
[SourceTitle "CBM 165 Extra"]
[Source "ChessBase"]
[SourceDate "2015.04.21"]
[SourceVersion "1"]
[SourceVersionDate "2015.04.21"]
[SourceQuality "1"]

1. e4 e5 2. Nf3 Nc6 3. Bb5 Nf6 4. 0-0 Nxe4 5. d4 Nd6 6. Bxc6 dxc6 7. dxe5 Nf5 8. Qxd8+ Kxd8 9. Rd1+ Ke8 10. Nc3 h6 11. h3 Bc5 12. Ne4 Bb6 13. b3 Be6 14. c4 a5 15. Bb2 a4 16. Bc3 c5 17. Rac1 Rd8 18. Rxd8+ Kxd8 19. b4 cxb4 20. Bxb4 Ba7 21. a3 Kc8 22. c5 Rd8 23. Nc3 Bb3 24. Nb5 Kb8 25. Ba5 b6 26. Nxa7 Kxa7 27. cxb6+ cxb6 28. Bb4 Ka6 29. g4 Nd4 30. Nxd4 Rxd4 31. Bf8 Rd3 32. Kh2 Be6 33. Ra1 h5 34. Bxg7 hxg4 35. hxg4 Bxg4 36. Bf8 Be6 37. Rc1 Bd5 38. Bb4 Rf3 39. Rc2 Kb5 40. Bd6 Be4 41. Re2 Bd5 42. Rc2 1/2-1/2

[Event "Moscow op-A"]
[Site "Moscow"]
[Date "2015.02.08"]
[Round "9"]
[White "Gevorgyan, David"]
[Black "Litvinov, Maxim"]
[Result "1-0"]
[WhiteElo "2395"]
[BlackElo "2192"]
[PlyCount "69"]
[EventDate "2015.01.31"]
[EventType "swiss"]
[EventRounds "9"]
[EventCountry "RUS"]
[SourceTitle "CBM 164 Extra"]
[Source "ChessBase"]
[SourceDate "2015.03.02"]
[SourceVersion "1"]
[SourceVersionDate "2015.03.02"]
[SourceQuality "1"]

1. d4 Nf6 2. c4 e6 3. Nc3 d5 4. Bg5 Be7 5. e3 h6 6. Bh4 0-0 7. Bd3 Nbd7 8. Nf3 b6 9. cxd5 Nxd5 10. Nxd5 exd5 11. Bxe7 Qxe7 12. 0-0 c5 13. Rc1 Bb7 14. Bb1 Rfc8 15. Qd3 g6 16. h4 a5 17. Qa3 Qf6 18. h5 gxh5 19. Rfe1 c4 20. e4 dxe4 21. Bxe4 Bxe4 22. Rxe4 Nf8 23. Qe3 Ra7 24. Ne5 Kg7 25. Qh3 Rac7 26. Rc3 Ng6 27. Rf3 Qd8 28. Qxh5 Qg5 29. Qh3 c3 30. bxc3 Qc1+ 31. Kh2 Nxe5 32. dxe5 Rxc3 33. Rg4+ Kh8 34. Rxc3 Rxc3 35. Qh4 1-0